[Event "Oberbayerische Einzelmeisterschaft 2018"]
[Site "Gröbenzell"]
[Date "2018.05.12"]
[Round "6.12"]
[White "Rosner, Gerhard"]
[Black "Holzmayr, Norbert"]
[Result "1-0"]
[WhiteElo "2032"]
[BlackElo "1712"]
[PlyCount "74"]
[EventDate "2018.??.??"]
[WhiteTeam "SG Pang-Rosenheim"]
[BlackTeam "SV Ilmmünster"]

1. c4 f5 2. g3 Nf6 3. Nf3 g6 4. Bg2 Bg7 5. d4 d6 6. Nc3 O-O 7. O-O a5 8. Qc2
Na6 9. Re1 Nb4 10. Qd1 Nh5 11. a3 Nc6 12. d5 Nb8 13. Nd4 f4 14. Rb1 c6 15. dxc6
Qb6 16. cxb7 Bxb7 17. Bxb7 fxg3 18. hxg3 Bxd4 19. Bd5+ Kh8 20. e3 Bxc3 21. bxc3
Qxb1 22. Bxa8 Qf5 23. Qe2 Nf6 24. e4 Qe5 25. Bh6 Re8 26. Bf4 Qxc3 27. e5 Nh5
28. Bc1 d5 29. Bxd5 e6 30. Bf3 Ng7 31. Bg5 Nf5 32. Qe4 Nd4 33. Bg2 Nd7 34. Rd1
Nc2 35. Rxd7 Qa1+ 36. Kh2 Nxa3 37. Qb7 Qxe5 1-0

[Event "Oberbayerische Einzelmeisterschaft 2018"]
[Site "Gröbenzell"]
[Date "2018.05.12"]
[Round "6.13"]
[White "Stocker, Rupert"]
[Black "Mooser, Nicolas"]
[Result "1-0"]
[WhiteElo "2011"]
[BlackElo "1896"]
[PlyCount "107"]
[EventDate "2018.??.??"]
[WhiteTeam "SC Gröbenzell"]
[BlackTeam "PSV Dorfen"]

1. c4 e6 2. g3 d5 3. Bg2 Nf6 4. Nf3 Be7 5. O-O O-O 6. b3 b6 7. Bb2 Bb7 8. e3 c5
9. cxd5 Nxd5 10. d4 Nd7 11. Na3 Rc8 12. Nc4 Qc7 13. Rc1 Qb8 14. dxc5 Nxc5 15.
Be5 Qa8 16. Qe2 Nd7 17. Bd6 Bxd6 18. Nxd6 Nc3 19. Qb2 Bxf3 20. Nxc8 Bxg2 21.
Ne7+ Kh8 22. Qxc3 Bxf1 23. Kxf1 Nc5 24. b4 Ne4 25. Qc7 Rd8 26. Qxd8+ Qxd8 27.
Rc8 Qxc8 28. Nxc8 a5 29. b5 Nc3 30. Nxb6 Nxb5 31. a4 Nc3 32. Ke1 Kg8 33. f3 Nd5
34. Nc4 Nc3 35. Nb2 Nd5 36. Kd2 Kf8 37. Nc4 Ke7 38. e4 Nc7 39. Nxa5 Kd6 40. Nb3
Kc6 41. Kc3 Na6 42. Kc4 e5 43. f4 f6 44. fxe5 fxe5 45. g4 g5 46. h3 h6 47. a5
Nc7 48. Nd2 Nb5 49. a6 Na7 50. Nf3 Kd6 51. Kb4 Nc6+ 52. Kb5 Na7+ 53. Kb6 Nc6
54. Nxe5 1-0

[Event "Oberbayerische Einzelmeisterschaft 2018"]
[Site "Gröbenzell"]
[Date "2018.05.13"]
[Round "7.1"]
[White "Grawe, Christian"]
[Black "Lochte, Thomas"]
[Result "1/2-1/2"]
[WhiteElo "2214"]
[BlackElo "2135"]
[PlyCount "182"]
[EventDate "2018.??.??"]
[WhiteTeam "SC Gröbenzell"]
[BlackTeam "SK Weilheim"]

1. e4 e5 2. Nf3 Nc6 3. Bb5 a6 4. Ba4 Nf6 5. O-O b5 6. Bb3 Be7 7. Re1 O-O 8. h3
d6 9. c3 Be6 10. d4 Bxb3 11. axb3 exd4 12. cxd4 d5 13. e5 Ne4 14. Nc3 Bb4 15.
Nxe4 Bxe1 16. Neg5 h6 17. Qc2 hxg5 18. Qxc6 Bb4 19. Bxg5 Be7 20. Bxe7 Qxe7 21.
Qxd5 Qe6 22. Qe4 Qg6 23. Qxg6 fxg6 24. b4 Rf4 25. Kf1 Re4 26. Ra3 Kf8 27. Ng5
Rh4 28. g3 Rh8 29. Ke2 Ke7 30. Ke3 Rhb8 31. Ne4 g5 32. Nxg5 a5 33. Rxa5 Rxa5
34. bxa5 b4 35. Kd3 c5 36. d5 Ra8 37. Kc4 Rxa5 38. d6+ Kd7 39. f4 Kc6 40. Ne4
Ra1 41. e6 Re1 42. Kd3 c4+ 43. Kd4 c3 44. bxc3 b3 45. e7 Kd7 46. Nc5+ Kxd6 47.
Nxb3 Kxe7 48. Nc5 Kf6 49. g4 Rd1+ 50. Ke3 Re1+ 51. Kf2 Rc1 52. Ne4+ Ke6 53. Ke3
Kd5 54. Kd3 Rd1+ 55. Nd2 Rh1 56. c4+ Ke6 57. Nf3 Rxh3 58. Ke4 Rh1 59. c5 Ke7
60. Ne5 g5 61. fxg5 Ke6 62. Nd3 Rg1 63. Nf4+ Ke7 64. Kf5 Rc1 65. Nd3 Rc3 66.
Ke4 Rc4+ 67. Kf5 Rc3 68. Nf4 Rxc5+ 69. Kg6 Rc6+ 70. Kh7 Rc4 71. Nd5+ Ke6 72.
Nf6 Rc7+ 73. Kg6 Rc8 74. Nh5 Rc4 75. Nf6 Rc8 76. Kg7 Rc7+ 77. Kg6 Rc8 78. Nh5
Rc4 79. Ng7+ Ke7 80. Nf5+ Kf8 81. Kh5 Rc6 82. g6 Rc1 83. Kh6 Rh1+ 84. Kg5 Rc1
85. g7+ Kf7 86. Kh5 Rh1+ 87. Kg5 Rf1 88. Ng3 Rg1 89. Nh5 Rg2 90. Kf4 Rh2 91.
Kf5 Rxh5+ 1/2-1/2

[Event "Oberbayerische Einzelmeisterschaft 2018"]
[Site "Gröbenzell"]
[Date "2018.05.13"]
[Round "7.2"]
[White "Salvermoser, Bernd"]
[Black "Straub, Jürgen"]
[Result "1/2-1/2"]
[WhiteElo "2191"]
[BlackElo "2068"]
[PlyCount "82"]
[EventDate "2018.??.??"]
[WhiteTeam "SC Gröbenzell"]
[BlackTeam "TSV Ingolstadt Nord"]

1. d4 Nf6 2. c4 e6 3. Nc3 Bb4 4. Qc2 O-O 5. a3 Bxc3+ 6. Qxc3 b6 7. Bg5 Bb7 8.
e3 d6 9. Nh3 Nbd7 10. f3 c5 11. Be2 Rc8 12. e4 h6 13. Be3 d5 14. cxd5 exd5 15.
e5 Nh7 16. O-O Nxe5 17. dxc5 bxc5 18. Qxe5 Re8 19. Qc3 d4 20. Bxd4 cxd4 21. Qd2
Qb6 22. Nf2 Nf6 23. Rfc1 Rcd8 24. Bd3 Nd5 25. Be4 Ba6 26. Nd3 Bxd3 27. Qxd3 Nf4
28. Qd2 d3+ 29. Kh1 Ne2 30. Rf1 Nd4 31. Rad1 Nb3 32. Qc3 d2 33. Bc2 Re3 34. Qb4
Qxb4 35. axb4 Rd4 36. h3 Rxb4 37. Rf2 Re1+ 38. Kh2 Rxd1 39. Bxd1 Rd4 40. Bxb3
d1=Q 41. Bxd1 Rxd1 1/2-1/2

[Event "Oberbayerische Einzelmeisterschaft 2018"]
[Site "Gröbenzell"]
[Date "2018.05.13"]
[Round "7.3"]
[White "Glawe, Ralf"]
[Black "Walter, Tobias"]
[Result "1/2-1/2"]
[WhiteElo "2059"]
[BlackElo "2116"]
[PlyCount "148"]
[EventDate "2018.??.??"]
[WhiteTeam "MTV Ingolstadt"]
[BlackTeam "SC Gröbenzell"]

1. e4 e6 2. d4 d5 3. Nd2 c5 4. exd5 exd5 5. Ngf3 Nf6 6. Bb5+ Bd7 7. Qe2+ Be7 8.
dxc5 O-O 9. O-O Bxc5 10. Nb3 Bb6 11. Bg5 h6 12. Bh4 Re8 13. Qd3 Nc6 14. c3 a6
15. Bxc6 bxc6 16. Rfe1 Re4 17. Rxe4 dxe4 18. Bxf6 exd3 19. Bxd8 Rxd8 20. Ne5 c5
21. Nxd7 Rxd7 22. Kf1 Kf8 23. c4 Ke7 24. Rd1 g5 25. Ke1 Ke6 26. Kd2 Ke5 27.
Re1+ Kf5 28. Re3 Bc7 29. Rxd3 Bf4+ 30. Kc2 Re7 31. Rd5+ Kf6 32. Kd1 Bxh2 33.
Nxc5 h5 34. Nd3 h4 35. f3 Bg3 36. b4 Kg6 37. a4 f5 38. c5 g4 39. fxg4 fxg4 40.
Rd4 Kf5 41. Rd8 h3 42. gxh3 gxh3 43. Rf8+ Kg4 44. Nf2+ Bxf2 45. Rxf2 Kg3 46.
Rd2 Re4 47. c6 Rc4 48. Rc2 h2 49. Rxc4 h1=Q+ 50. Kd2 Qd5+ 51. Kc3 Qe5+ 52. Kd3
Qc7 53. b5 a5 54. b6 Qxb6 55. c7 Qd6+ 56. Kc3 Qf6+ 57. Kd3 Qf5+ 58. Kd4 Qd7+
59. Kc3 Qc8 60. Rc5 Kf4 61. Kc4 Ke4 62. Kb5 Kd4 63. Rc4+ Kd5 64. Rc5+ Kd6 65.
Rc6+ Kd7 66. Rc4 Qb7+ 67. Kxa5 Kc8 68. Rc5 Qb3 69. Rc6 Qd5+ 70. Kb6 Qd3 71. a5
Qb3+ 72. Kc5 Qc3+ 73. Kb5 Qb3+ 74. Kc5 Qc3+ 1/2-1/2

[Event "Oberbayerische Einzelmeisterschaft 2018"]
[Site "Gröbenzell"]
[Date "2018.05.13"]
[Round "7.4"]
[White "Schlosser, Andree"]
[Black "Shahin, Walid"]
[Result "0-1"]
[WhiteElo "2087"]
[BlackElo "2084"]
[PlyCount "63"]
[EventDate "2018.??.??"]
[WhiteTeam "TuS Fürstenfeldbruck"]
[BlackTeam "SK Weilheim"]

1. c4 g6 2. g3 Bg7 3. Bg2 e5 4. Nc3 f5 5. e3 Nc6 6. Nge2 Nf6 7. d4 e4 8. h4 Qe7
9. Nf4 Qf7 10. b3 d6 11. Ba3 a5 12. c5 d5 13. Bf1 Bd7 14. Bb5 Nb4 15. Bxd7+
Qxd7 16. Bxb4 axb4 17. Na4 Bh6 18. Ng2 O-O 19. Qe2 Rfb8 20. O-O Bf8 21. Rfc1 h6
22. Rc2 g5 23. Rac1 Qc6 24. Rf1 Be7 25. f4 gxh4 26. Nxh4 Qe6 27. Qe1 Ng4 28.
Ng2 Qg6 29. Qxb4 Qh5 30. Nh4 Nxe3 31. Rh2 Nxf1 32. Qe1 0-1

[Event "Oberbayerische Einzelmeisterschaft 2018"]
[Site "Gröbenzell"]
[Date "2018.05.13"]
[Round "7.5"]
[White "Lippert, Frank"]
[Black "Graf, Christian"]
[Result "1/2-1/2"]
[WhiteElo "2032"]
[BlackElo "2014"]
[PlyCount "69"]
[EventDate "2018.??.??"]
[WhiteTeam "SK Gräfelfing"]
[BlackTeam "SU Ebersberg-Grafing"]

1. e4 c6 2. d4 d5 3. e5 Bf5 4. h4 h5 5. Ne2 g6 6. Ng3 Bg4 7. f3 Bd7 8. c4 e6 9.
Nc3 Be7 10. Bd3 Bxh4 11. Nce2 Nh6 12. Be3 Nf5 13. Bxf5 exf5 14. cxd5 cxd5 15.
Qd2 Be7 16. Nf4 Be6 17. O-O-O Nc6 18. Kb1 Qa5 19. Qd3 O-O-O 20. Nge2 Rhg8 21.
Nxe6 fxe6 22. Nf4 Kd7 23. g4 h4 24. gxf5 gxf5 25. Bf2 Bg5 26. Nh3 Be7 27. Nf4
Bg5 28. Ng2 Rh8 29. Bxh4 Bxh4 30. Rxh4 Rxh4 31. Nxh4 Qa6 32. Qd2 Rg8 33. a3 Qa4
34. Ka2 Na5 35. Qb4 1/2-1/2

[Event "Oberbayerische Einzelmeisterschaft 2018"]
[Site "Gröbenzell"]
[Date "2018.05.13"]
[Round "7.6"]
[White "Böhm, Korbinian"]
[Black "Kobl, Rudolf"]
[Result "0-1"]
[WhiteElo "2040"]
[BlackElo "2048"]
[PlyCount "80"]
[EventDate "2018.??.??"]
[WhiteTeam "Sportfr.Windach"]
[BlackTeam "SK Wasserburg"]

1. e4 c5 2. b4 cxb4 3. a3 d5 4. exd5 Qxd5 5. Nf3 e6 6. Bb2 Nf6 7. Bd3 Nc6 8.
O-O Be7 9. Re1 O-O 10. Ne5 Rd8 11. Nxc6 Qxc6 12. axb4 Bd7 13. Nc3 Qb6 14. b5
Qd4 15. Ra4 Qb6 16. Rh4 h6 17. Qf3 a6 18. Na4 Qc7 19. Rc4 Qd6 20. Be5 Qd5 21.
Qh3 Qxb5 22. Rf4 Qa5 23. Nc3 Bc6 24. Bc4 Bd6 25. Bxd6 Rxd6 26. Rxf6 gxf6 27.
Re3 Kf8 28. Qxh6+ Ke7 29. h4 Qf5 30. Bd3 Qg4 31. Rg3 Qd4 32. Rg7 f5 33. h5 Qf6
34. Qh7 Rdd8 35. g4 fxg4 36. Bg6 Rf8 37. Qh6 Rad8 38. Rh7 Qf3 39. Qg5+ Qf6 40.
Qc5+ Ke8 0-1

[Event "Oberbayerische Einzelmeisterschaft 2018"]
[Site "Gröbenzell"]
[Date "2018.05.13"]
[Round "7.7"]
[White "Lechermann, Markus"]
[Black "Steinheimer, Jürgen"]
[Result "0-1"]
[WhiteElo "2082"]
[BlackElo "2023"]
[PlyCount "202"]
[EventDate "2018.??.??"]
[WhiteTeam "MTV Ingolstadt"]
[BlackTeam "SK Gräfelfing"]

1. d4 c5 2. c3 Qa5 3. Nd2 cxd4 4. cxd4 d5 5. Ngf3 Nf6 6. e3 Bf5 7. Qb3 Qc7 8.
Bb5+ Bd7 9. Ne5 Bxb5 10. Qxb5+ Nbd7 11. Ndf3 a6 12. Qb3 e6 13. Bd2 Nxe5 14.
Nxe5 Bd6 15. Rc1 Qe7 16. O-O O-O 17. Rc2 Rfc8 18. Rfc1 Rxc2 19. Rxc2 Rb8 20. h3
Qd8 21. Bb4 Ne8 22. Bc5 Bxe5 23. dxe5 Qd7 24. Ba3 h6 25. Qb4 Kh7 26. Qc5 Kg6
27. Bb4 b6 28. Qd4 a5 29. Qd3+ f5 30. exf6+ Kxf6 31. Bc3+ Kf7 32. e4 Rd8 33.
Qf3+ Kg8 34. Rd2 Qf7 35. Qe3 Qb7 36. exd5 exd5 37. Bd4 Nd6 38. Bxb6 Re8 39. Qc5
Nc4 40. Qxd5+ Qxd5 41. Rxd5 Nxb6 42. Rxa5 Re1+ 43. Kh2 Re2 44. Rb5 Na4 45. b3
Nc3 46. Rb8+ Kf7 47. a4 Rxf2 48. a5 Ra2 49. b4 Nd5 50. Rb5 Ke6 51. Rb7 Kf6 52.
Rb5 Ke5 53. Rb7 g6 54. Kg3 Ra4 55. Rg7 Kf6 56. Rb7 h5 57. Kf3 Nxb4 58. g4 hxg4+
59. hxg4 Nd5 60. Rb5 Ke5 61. Kg3 g5 62. Rc5 Ra3+ 63. Kf2 Kd6 64. Rb5 Kc6 65.
Rb8 Rxa5 66. Rg8 Ne7 67. Rf8 Re5 68. Kf3 Kd5 69. Ra8 Ke6 70. Ra6+ Kf7 71. Rb6
Re6 72. Rb5 Kg6 73. Ra5 Ng8 74. Rb5 Nf6 75. Rb4 Ra6 76. Rd4 Ra3+ 77. Kg2 Kf7
78. Rb4 Ke6 79. Rc4 Ke5 80. Rc5+ Nd5 81. Rb5 Rd3 82. Ra5 Ke4 83. Rc5 Nf4+ 84.
Kf2 Rf3+ 85. Kg1 Rg3+ 86. Kh2 Rg2+ 87. Kh1 Rxg4 88. Kh2 Rh4+ 89. Kg3 Ne2+ 90.
Kg2 g4 91. Rc4+ Ke3 92. Ra4 Nd4 93. Ra3+ Ke4 94. Ra4 Rh3 95. Ra8 Rb3 96. Rg8
Kf4 97. Rf8+ Nf5 98. Ra8 Rb2+ 99. Kg1 Kf3 100. Rf8 Rb1+ 101. Kh2 g3+ 0-1

[Event "Oberbayerische Einzelmeisterschaft 2018"]
[Site "Gröbenzell"]
[Date "2018.05.13"]
[Round "7.8"]
[White "Ungnad, Reiner"]
[Black "Vaccaroni, Juan Manuel"]
[Result "1-0"]
[WhiteElo "2043"]
[BlackElo "1970"]
[PlyCount "73"]
[EventDate "2018.??.??"]
[WhiteTeam "SC Gröbenzell"]
[BlackTeam "SK Neuburg"]

1. d4 Nf6 2. Bf4 c5 3. e3 cxd4 4. exd4 d5 5. c3 Qb6 6. Qb3 Qe6+ 7. Be2 Nc6 8.
Nd2 g6 9. Ngf3 Bg7 10. Qd1 O-O 11. O-O a6 12. a4 b6 13. h3 Ne4 14. Re1 f5 15.
Bc7 Na5 16. Bd3 Qc6 17. Be5 Bh6 18. Qe2 Nxd2 19. Nxd2 Bxd2 20. Qxd2 Nb3 21. Qh6
Rf7 22. Rad1 Na5 23. h4 g5 24. Qxg5+ Qg6 25. Qf4 Nc4 26. Bxc4 dxc4 27. Re3 Kf8
28. Rg3 Qh5 29. f3 h6 30. d5 Bd7 31. Qxc4 f4 32. Bxf4 Qxh4 33. Rd4 b5 34. Qc7
Bf5 35. Qc6 Rc8 36. Bxh6+ Rg7 37. Rxh4 1-0

[Event "Oberbayerische Einzelmeisterschaft 2018"]
[Site "Gröbenzell"]
[Date "2018.05.13"]
[Round "7.9"]
[White "Szalewa, Sven"]
[Black "Rosner, Gerhard"]
[Result "1-0"]
[WhiteElo "2041"]
[BlackElo "2032"]
[PlyCount "95"]
[EventDate "2018.??.??"]
[WhiteTeam "SC Starnberg"]
[BlackTeam "SG Pang-Rosenheim"]

1. d4 d5 2. Bf4 Nf6 3. e3 c5 4. dxc5 Qa5+ 5. Nc3 Nc6 6. Bb5 Bd7 7. a3 e6 8. b4
Qd8 9. Nf3 Be7 10. h3 O-O 11. O-O a5 12. Bxc6 Bxc6 13. Ne5 Be8 14. Qd4 Qc8 15.
e4 dxe4 16. Nxe4 Bb5 17. c4 Nxe4 18. Qxe4 Ba4 19. Nf3 Rd8 20. Ng5 Bxg5 21. Bxg5
f6 22. Be3 Bc6 23. Qc2 e5 24. f4 f5 25. Qc3 exf4 26. Bxf4 Be4 27. Bd6 Re8 28.
Rfe1 Qe6 29. Bf4 Qg6 30. Re2 Rad8 31. Bd6 axb4 32. axb4 b6 33. Ra7 Ra8 34. Rxa8
Rxa8 35. Rd2 bxc5 36. Bxc5 Bb7 37. Qe5 Re8 38. Qc7 Qe6 39. Bd4 Re7 40. Qd8+ Re8
41. Qg5 Re7 42. Rf2 g6 43. Rxf5 Rd7 44. Rf4 Qe2 45. Bc5 Qd1+ 46. Rf1 h6 47.
Qxg6+ Rg7 48. Qxg7+ 1-0

[Event "Oberbayerische Einzelmeisterschaft 2018"]
[Site "Gröbenzell"]
[Date "2018.05.13"]
[Round "7.10"]
[White "Theumer, Lutz"]
[Black "Heinz-Leisenheimer, Matthias"]
[Result "0-1"]
[WhiteElo "2005"]
[BlackElo "1913"]
[PlyCount "86"]
[EventDate "2018.??.??"]
[WhiteTeam "SC Moosburg"]
[BlackTeam "SC Prien"]

1. d4 d5 2. Bf4 Nf6 3. e3 c5 4. c3 e6 5. Nd2 Bd6 6. Bg3 Nc6 7. Bd3 e5 8. dxe5
Nxe5 9. Bb5+ Bd7 10. Bxd7+ Qxd7 11. Bxe5 Bxe5 12. Ngf3 Bc7 13. Qc2 O-O 14. O-O
Rfe8 15. Rad1 Qc6 16. Rfe1 b5 17. b3 Rad8 18. g3 Ne4 19. Nxe4 dxe4 20. Nh4 g6
21. Ng2 f5 22. c4 b4 23. Rxd8 Rxd8 24. Rd1 g5 25. Rxd8+ Bxd8 26. Qd1 Bc7 27. h4
g4 28. h5 Kf7 29. Nh4 Ke6 30. Ng2 Qd7 31. Qc2 Kf6 32. Nf4 Bxf4 33. gxf4 Qd3 34.
Qxd3 exd3 35. Kf1 Kg7 36. Ke1 Kh6 37. Kd2 Kxh5 38. Kxd3 Kg6 39. e4 fxe4+ 40.
Kxe4 Kf6 41. f5 h5 42. Kf4 a6 43. Ke4 h4 0-1

[Event "Oberbayerische Einzelmeisterschaft 2018"]
[Site "Gröbenzell"]
[Date "2018.05.13"]
[Round "7.11"]
[White "Ott, Josef Sebastian"]
[Black "Sörgel, Thomas"]
[Result "1/2-1/2"]
[WhiteElo "2020"]
[BlackElo "1985"]
[PlyCount "149"]
[EventDate "2018.??.??"]
[WhiteTeam "SG Traunstein/Traunreut"]
[BlackTeam "SK Gräfelfing"]

1. e4 e6 2. d4 d5 3. Nc3 Nf6 4. e5 Nfd7 5. f4 c5 6. Nf3 Nc6 7. Be3 cxd4 8. Nxd4
Bc5 9. Qd2 Nxd4 10. Bxd4 a6 11. O-O-O Bxd4 12. Qxd4 Qb6 13. Qd2 Qc7 14. h4 b6
15. Rh3 Bb7 16. g4 Bc6 17. Kb1 b5 18. Ne2 Qb6 19. Nd4 Nc5 20. Bg2 Bd7 21. f5
O-O-O 22. Rf1 h5 23. g5 Kb8 24. fxe6 Nxe6 25. Nf5 Nc7 26. Rd3 g6 27. Nd6 Be6
28. Nxf7 Bxf7 29. Rxf7 Rhf8 30. Rdf3 Rxf7 31. Rxf7 Qe6 32. Qf4 Re8 33. Rf6 Qxe5
34. Qxe5 Rxe5 35. Kc1 Re2 36. Bf3 Rh2 37. Rxg6 Rxh4 38. Rf6 Rh3 39. g6 Kb7 40.
Rf5 Rg3 41. Bxh5 Kc6 42. Rf4 Ne6 43. Rg4 Rh3 44. Rg5 Nxg5 45. g7 Rxh5 46. g8=Q
Rh1+ 47. Kd2 Ne4+ 48. Ke3 Nc5 49. Qg6+ Kc7 50. Kd4 Nd7 51. Qxa6 Rh4+ 52. Kxd5
Rh5+ 53. Kd4 Nb6 54. Qa7+ Kc6 55. Qe7 Rd5+ 56. Ke4 Rd2 57. Qf6+ Rd6 58. Qc3+
Kb7 59. Qb4 Kc6 60. Qc3+ Kb7 61. Ke5 Rc6 62. Qf3 Nc4+ 63. Kd5 Nxb2 64. Qb3 Nc4
65. Qxb5+ Nb6+ 66. Kd4 Rxc2 67. Qb3 Rc4+ 68. Kd3 Kc6 69. Qb2 Kc5 70. Qe5+ Kc6
71. Qe8+ Kc7 72. Qf7+ Kc6 73. a3 Kb5 74. Qe8+ Ka5 75. Qh5+ 1/2-1/2

[Event "Oberbayerische Einzelmeisterschaft 2018"]
[Site "Gröbenzell"]
[Date "2018.05.13"]
[Round "7.12"]
[White "Holzmayr, Norbert"]
[Black "Mooser, Nicolas"]
[Result "0-1"]
[WhiteElo "1712"]
[BlackElo "1896"]
[PlyCount "76"]
[EventDate "2018.??.??"]
[WhiteTeam "SV Ilmmünster"]
[BlackTeam "PSV Dorfen"]

1. d4 d5 2. Nf3 e6 3. g3 Nf6 4. Bg2 Be7 5. O-O O-O 6. Nbd2 c6 7. c4 b6 8. Qc2
Bb7 9. Nb3 dxc4 10. Qxc4 Nbd7 11. a4 c5 12. Bf4 Nd5 13. dxc5 Nxc5 14. Rfd1 Qc8
15. Rac1 Rd8 16. Nxc5 Qxc5 17. Qb3 Qb4 18. Qxb4 Bxb4 19. Bd2 Rac8 20. Ne5 Bxd2
21. Rxc8 Rxc8 22. Rxd2 Rc1+ 23. Bf1 g6 24. Nd3 Ra1 25. e4 Nf6 26. f3 Rxa4 27.
Ne5 Ra1 28. Kf2 Kg7 29. g4 h6 30. Rc2 Ra5 31. Nxf7 Bxe4 32. fxe4 Kxf7 33. Rc7+
Kf8 34. Kf3 Ra4 35. Bd3 Rb4 36. Kf4 Nd5+ 37. Ke5 Nxc7 38. Kd6 Rd4+ 0-1